Historia y consciencia de clase
Guardado en:
| Autor principal: | |
|---|---|
| Formato: | Libro |
| Lenguaje: | Undetermined |
| Publicado: |
México, Distrito Federal
Ediciones Grijalbo
1969
|
| Materias: | |
| Etiquetas: |
Agregar Etiqueta
Sin Etiquetas, Sea el primero en etiquetar este registro!
|
MARC
| LEADER | 00000nam a2200000Ia 4500 | ||
|---|---|---|---|
| 008 | 170316s9999 xx 000 0 und d | ||
| 090 | |a 100 L-53h v.3 | ||
| 100 | |a Lukacs, Georg | ||
| 245 | |a Historia y consciencia de clase | ||
| 260 | |a México, Distrito Federal | ||
| 260 | |b Ediciones Grijalbo | ||
| 260 | |c 1969 | ||
| 300 | |a 354 páginas Tomo III | ||
| 650 | |a FILOSOFÍA | ||
| 999 | |c 16876 |d 16876 | ||
| 040 | |a cru BVZT | ||
| 942 | |c 15 D |h 100 L-53h v.3 |2 z | ||
